00528nam a22001697a 4500020001800000082002700018100002400045245003200069250001600101260005200117300001100169526003900180650001300219942001200232999001900244952009500263 a0 7121 1957 4 a41173bSMIcL-16, G-IV aSmith, M. J.942528 aSoil mechanicscM. J. Smith a3rd edition aLondonbThe English language book societyc1978 a130.p: a0b0c0d41173_000000000000000_SMI aMCE9379 2ddccBK c546427d546427 00102ddc4070aMCEbMCEd2014-06-12l0o41173 SMIpMCE-41173r2014-06-12w2014-06-12yBK